000 00257nam a2200109Ia 4500
008 190216s9999||||xx |||||||||||||| ||und||
100 _aTandom B N
245 0 _aQuestions And Answers On Auditing
260 _bS Chand & Co
_c1989
300 _a80p
942 _cBK
999 _c5435
_d5435